Dynamic estimation of the consumer system in postwar Japan
Salvato in:
| Autore principale: | |
|---|---|
| Altri autori: | |
| Natura: | Libro |
| Lingua: | inglese |
| Pubblicazione: |
Laxenberg
International Institute for Applied Systems Analysis
1984
|
| Tags: |
Nessun Tag, puoi essere il primo ad aggiungerne!!
|
MARC
| LEADER | 00000nam a2200000 4500 | ||
|---|---|---|---|
| 001 | c112739 | ||
| 005 | 20041019155153.8 | ||
| 041 | 0 | |a eng | |
| 044 | |a AT | ||
| 245 | 1 | 0 | |a Dynamic estimation of the consumer system in postwar Japan |c Kozo Sasaki, Yoshihiro Fukagawa |
| 264 | 1 | |a Laxenberg |b International Institute for Applied Systems Analysis |c 1984 | |
| 300 | |a 29 s. | ||
| 100 | 1 | |a Sasaki, Kozo | |
| 700 | 1 | |a Fukagawa, Yoshihiro | |